Land reform in Taiwan

محفوظ في:
التفاصيل البيبلوغرافية
المؤلف الرئيسي: Cheng, Chen
التنسيق: كتاب
اللغة:Undetermined
منشور في: Taipei China Publishing Company 1961
الموضوعات:
الوسوم: إضافة وسم
لا توجد وسوم, كن أول من يضع وسما على هذه التسجيلة!
Thư viện lưu trữ: Trung tâm Học liệu Trường Đại học Cần Thơ
LEADER 00481nam a2200193Ia 4500
001 CTU_91100
008 210402s9999 xx 000 0 und d
082 |a 333.31 
082 |b C518 
100 |a Cheng, Chen 
245 0 |a Land reform in Taiwan 
245 0 |c Chen Cheng 
260 |a Taipei 
260 |b China Publishing Company 
260 |c 1961 
650 |a Taiwan 
650 |x lan refprm 
904 |i Nguyên 
980 |a Trung tâm Học liệu Trường Đại học Cần Thơ